Diagnosis and Clinical Course of Cholestatic Liver Diseases

Podrobná bibliografia
Hlavní autori: Beuers, Ulrich (Autor), Gerd-Achim Kullak-Ublick (Autor)
Médium: Článok
Jazyk:angličtina
ISBN:809673704X

MARC

LEADER 00000naa a2200000uu 4500
001 vtls011037794
003 SK-MaSNL
005 20260302124401.0
008 210904|1997 xo |||||||||||||||||eng|
015 |a SNBRA 
035 |a (urnnbn)urn:nbn:sk:snk:ar-008vmr 
035 |a (uuid)b0fec4ef-a21b-4eb0-a17b-97251ec88996 
035 |a urn:nbn:sk:snk-aaur9k 
040 |a SNKBUCL  |b slo  |c SNKBUCL  |e AACR2 
041 0 |a eng 
044 |a xo  |c SK 
100 1 |a Beuers, Ulrich  |4 aut  |9 810353 
245 1 0 |a Diagnosis and Clinical Course of Cholestatic Liver Diseases  |c Ulrich Beuers, Gerd-Achim Kullak-Ublick 
700 1 |a Gerd-Achim Kullak-Ublick  |4 aut  |9 810354 
773 0 |t Liver and Drugs '96  |d Bratislava : BoArt, 1997  |g S. 29-34  |z 809673704X 
958 |a OND 
958 |a article12 
958 |a chapter 
999 |c 1287632  |d 1289562